00413 2200169 4500001002100000008004100021035002000062245002300082100001500105260003100120300002100151020001800172084001400190082000800204650001700212990001400229INLIS000000000000549 ind  a0010-0825000083 aBintangcTere Liye aLiye, Tere aJakarta :bGramedia,c2017 a392 hlm.c20 cm. a9786020351179 a895 LIY b a895 aFiksi Remaja a000000719